[Event "2nd Turkish League 2017"]
[Site "Konya"]
[Date "2017.07.19"]
[Round "4"]
[White "Kaplan, Bahadir"]
[Black "Eren, Baran"]
[Result "1/2-1/2"]
[WhiteElo "1952"]
[BlackElo "2143"]
[Annotator "NA"]
[PlyCount "78"]
[EventType "team-tourn"]
[EventCountry "TUR"]
[SourceTitle "playchess.com"]
[Source "ChessBase"]
[SourceQuality "1"]
[TimeControl "5400+30"]

1. d4 {[%emt 0:00:30]} d5 {[%emt 0:01:00]} 2. c4 {[%emt 0:00:30]} c6 {[%emt 0:00:30]} 3. Nf3 {[%emt 0:00:00]} Nf6 {[%emt 0:00:00]} 4. Nc3 {[%emt 0:00:00]} dxc4 {[%emt 0:00:00]} 5. a4 {[%emt 0:00:00]} Bf5 {[%emt 0:00:00]} 6. Ne5 {[%emt 0:00:00]} Nbd7 {[%emt 0:00:00]} 7. Nxc4 {[%emt 0:00:30]} Nb6 {[%emt 0:00:00]} 8. Ne5 {[%emt 0:01:30]} a5 {[%emt 0:02:00]} 9. f3 {[%emt 0:02:30] D17: Slav Defence: 5 a4 Bf5: Lines with 6 Nh4 and 6 Ne5} (9. h4 e6 10. f3 h6 11. e4 Bh7 12. Be3 Nfd7 13. Nd3 Bd6 14. Bf2 O-O 15. Qb3 Qe7 16. g4 Kh8 {0-1 (32) So,W (2812)-Giri,A (2771) Leuven 2017}) 9... Nfd7 {[%emt 0:00:30]} 10. Nxd7 {[%emt 0:04:30]} Nxd7 {[%emt 0:00:30]} 11. e4 {[%emt 0:00:30]} Bg6 {[%emt 0:00:30]} 12. Be3 {[%emt 0:05:30] LiveBook: 107 Games} Qb6 {[%emt 0:02:30]} 13. Qd2 {[%emt 0:00:30]} e5 {[%emt 0:00:00]} 14. Rd1 {[%emt 0:10:30]} Rd8 {[%emt 0:10:00]} 15. dxe5 {[%emt 0:04:30]} Bc5 {[%emt 0:00:30]} 16. Bg5 $146 {[%emt 0:00:00]} ({Predecessor:} 16. Bxc5 Nxc5 17. Qxd8+ Qxd8 18. Rxd8+ Kxd8 {1-0 (59) Schulz,V (2143)-Leutwyler,M (2186) Germany 2014}) 16... f6 {[%emt 0:05:30]} 17. exf6 {[%emt 0:03:00]} gxf6 $15 {[%emt 0:01:30]} 18. Bh6 {[%emt 0:03:30]} Bf7 {[%emt 0:00:30]} 19. e5 {[%emt 0:18:30]} Bb3 {[%emt 0:21:30]} 20. exf6 {[%emt 0:10:30]} Kf7 {[%emt 0:00:30]} 21. Be2 {[%emt 0:14:38]} Nxf6 {[%emt 0:06:30]} 22. Qf4 {[%emt 0:03:50]} Rxd1+ {[%emt 0:09:30]} 23. Nxd1 {[%emt 0:02:22]} Re8 {[%emt 0:01:30]} 24. Nc3 {[%emt 0:10:20]} Be3 {[%emt 0:14:30]} 25. Qh4 {[%emt 0:00:14]} Qb4 {[%emt 0:01:30]} 26. Qxb4 {[%emt 0:01:18]} axb4 {[%emt 0:02:30]} 27. Bxe3 {[%emt 0:00:01]} bxc3 {[%emt 0:00:36]} 28. Kf2 {[%emt 0:00:01]} cxb2 {[%emt 0:00:49]} 29. Rb1 {[%emt 0:00:34]} Nd5 {[%emt 0:01:40]} 30. Bd2 {[%emt 0:00:01]} Bxa4 {[%emt 0:04:30]} 31. Rxb2 {[%emt 0:00:19]} b5 {[%emt 0:01:18]} 32. Bd3 {[%emt 0:00:15]} c5 {[%emt 0:00:43]} 33. Be4 {[%emt 0:02:37]} Nf6 {[%emt 0:00:30]} 34. Bc6 {[%emt 0:00:00]} Rb8 {[%emt 0:00:40]} 35. Be3 {[%emt 0:00:29]} Rb6 {[%emt 0:00:27]} 36. Ba8 {[%emt 0:00:52]} Rb8 {[%emt 0:01:56]} 37. Bc6 {[%emt 0:00:10]} Rb6 {[%emt 0:01:03]} 38. Ba8 {[%emt 0:00:16]} Rb8 {[%emt 0:00:00]} 39. Bc6 {[%emt 0:00:52]} Rb6 {[%emt 0:00:37]} 1/2-1/2

[Event "2nd Turkish League 2017"]
[Site "Konya"]
[Date "2017.07.19"]
[Round "4"]
[White "Demirag, Batuhan"]
[Black "Demirbag, Alihan"]
[Result "1/2-1/2"]
[WhiteElo "1914"]
[BlackElo "1960"]
[Annotator "NA"]
[PlyCount "117"]
[EventType "team-tourn"]
[EventCountry "TUR"]
[SourceTitle "playchess.com"]
[Source "ChessBase"]
[SourceQuality "1"]
[TimeControl "5400+30"]

1. Nf3 {[%emt 0:00:30] 5} g6 {[%emt 0:01:00] 5} 2. c4 {[%emt 0:00:30] 5} Bg7 {[%emt 0:00:30]} 3. g3 {[%emt 0:00:30]} e5 {[%emt 0:00:00]} 4. Nc3 {[%emt 0:00:30]} Nc6 {[%emt 0:00:00]} 5. Bg2 {[%emt 0:00:30]} d6 {[%emt 0:00:30]} 6. d3 {[%emt 0:00:30]} f5 {[%emt 0:00:30]} 7. O-O {[%emt 0:01:30]} Nf6 {[%emt 0:00:30]} 8. Rb1 {[%emt 0:02:30]} O-O {[%emt 0:02:30]} 9. b4 {[%emt 0:01:30]} h6 {[%emt 0:00:30]} 10. Bd2 {[%emt 0:05:30] A26: English Opening vs King's Indian with ...Nc6 and d3} (10. b5 Ne7 11. c5 Be6 12. Ba3 g5 13. cxd6 cxd6 14. Nd2 Rc8 15. Rc1 Qd7 16. Nc4 Ne8 17. Qa4 e4 18. Qb4 Rf7 19. Na4 d5 20. Nd6 Nxd6 21. Qxd6 Qxd6 22. Bxd6 {½-½ (63) Heberla,B (2541)-Amin,B (2654) Sharjah 2016}) 10... g5 {[%emt 0:01:30] LiveBook: 3 Games} 11. b5 {[%emt 0:05:30]} Ne7 {[%emt 0:00:00]} 12. Ne1 {[%emt 0:01:30]} f4 {[%emt 0:02:00]} 13. Nd5 {[%emt 0:02:30]} (13. e3 $11) 13... Nfxd5 $146 {[%emt 0:06:30]} ({Predecessor:} 13... Nexd5 14. cxd5 Bg4 15. h3 Bd7 16. Nc2 Qe8 {0-1 (30) Radjabov,T-Batsanin,D (2300) Moscow 1997}) 14. cxd5 {[%emt 0:00:30]} fxg3 {[%emt 0:02:30]} 15. hxg3 {[%emt 0:00:30]} Bg4 {[%emt 0:00:30]} 16. Rb4 {[%emt 0:03:30]} Qd7 {[%emt 0:00:30]} 17. Rc4 {[%emt 0:01:30]} Rac8 {[%emt 0:07:30]} 18. Kh2 {[%emt 0:06:30]} Rf7 $16 {[%emt 0:09:30]} (18... Bh5 $11) 19. f3 {[%emt 0:09:30]} Bh5 {[%emt 0:01:30]} 20. Bh3 {[%emt 0:01:30]} g4 {[%emt 0:00:30]} 21. Bxg4 {[%emt 0:01:30]} Bxg4 {[%emt 0:00:30]} 22. Rxg4 {[%emt 0:00:00]} Qxg4 {[%emt 0:01:30]} 23. fxg4 {[%emt 0:00:00]} Rxf1 {[%emt 0:00:30]} 24. e4 {[%emt 0:05:30]} Rcf8 {[%emt 0:06:30]} 25. Be3 {[%emt 0:00:30]} Kh7 {[%emt 0:04:30]} 26. Qe2 {[%emt 0:10:30]} c6 {[%emt 0:09:30]} 27. Kg2 {[%emt 0:06:30]} cxd5 {[%emt 0:16:30]} 28. Bxa7 {[%emt 0:04:30]} R1f7 {[%emt 0:06:30]} 29. exd5 {[%emt 0:01:30]} Kg8 {[%emt 0:00:30]} 30. Bg1 {[%emt 0:07:30]} Ra8 {[%emt 0:01:44]} 31. Qc2 {[%emt 0:03:20]} Nxd5 {[%emt 0:02:53]} 32. a4 {[%emt 0:00:10]} Nf6 {[%emt 0:01:10]} 33. Qa2 {[%emt 0:06:37]} Nxg4 {[%emt 0:07:23]} 34. a5 {[%emt 0:00:38]} e4 {[%emt 0:00:00]} 35. Qc4 {[%emt 0:05:09]} Ne5 {[%emt 0:04:20]} 36. Qxe4 {[%emt 0:02:08]} Rxa5 {[%emt 0:00:04]} 37. d4 {[%emt 0:00:08]} Nc4 {[%emt 0:02:03]} 38. Qe8+ {[%emt 0:01:50]} Bf8 {[%emt 0:00:01]} 39. Qe6 {[%emt 0:00:24]} Nb6 {[%emt 0:01:52]} 40. Nd3 {[%emt 0:02:17]} Rxb5 {[%emt 0:02:04]} 41. Nf4 {[%emt 0:00:07]} Nd7 {[%emt 0:01:49]} 42. Nd5 {[%emt 0:02:10]} Rb2+ {[%emt 0:00:30]} 43. Kh3 {[%emt 0:00:00]} b5 {[%emt 0:00:28]} 44. Be3 {[%emt 0:00:22]} b4 {[%emt 0:00:24]} 45. Bc1 {[%emt 0:00:42]} Rbf2 {[%emt 0:00:33]} 46. Nxb4 {[%emt 0:00:26]} Nf6 {[%emt 0:00:33]} 47. Be3 {[%emt 0:00:35]} Re2 {[%emt 0:00:33]} 48. Nc6 {[%emt 0:00:15] [%clk 0:01.46]} Rc2 {[%emt 0:00:00]} 49. Nd8 {[%emt 0:00:26]} Rcc7 {[%emt 0:00:17]} 50. Nxf7 {[%emt 0:00:30]} Rxf7 {[%emt 0:00:30]} 51. Bf4 {[%emt 0:00:00]} Nh7 {[%emt 0:01:01]} 52. Kg2 {[%emt 0:00:30]} Ng5 {[%emt 0:00:08]} 53. Qd5 {[%emt 0:00:55]} Be7 {[%emt 0:00:41]} 54. Kf1 {[%emt 0:01:25]} Kf8 {[%emt 0:01:16]} 55. Ke2 {[%emt 0:00:16]} Rf6 {[%emt 0:00:00]} 56. Kd3 {[%emt 0:01:03]} Nf7 {[%emt 0:00:32]} 57. Kc4 {[%emt 0:00:24]} Kg7 {[%emt 0:00:50]} 58. Kd3 {[%emt 0:00:25]} Kf8 {[%emt 0:00:06]} 59. Kc4 {[%emt 0:00:21]} 1/2-1/2

[Event "2nd Turkish League 2017"]
[Site "Konya"]
[Date "2017.07.19"]
[Round "4"]
[White "Ozgur, Isa"]
[Black "Gurbuz, Bayram"]
[Result "1-0"]
[WhiteElo "1904"]
[BlackElo "1794"]
[Annotator "NA"]
[PlyCount "99"]
[EventType "team-tourn"]
[EventCountry "TUR"]
[SourceTitle "playchess.com"]
[Source "ChessBase"]
[SourceQuality "1"]
[TimeControl "5400+30"]

1. Nf3 {[%emt 0:00:30]} d6 {[%emt 0:01:00]} 2. d4 {[%emt 0:00:30]} Nf6 {[%emt 0:00:30]} 3. g3 {[%emt 0:02:30]} Nbd7 {[%emt 0:01:30]} 4. Bg2 {[%emt 0:01:30]} e5 {[%emt 0:00:30]} 5. c4 {[%emt 0:00:00]} Be7 {[%emt 0:00:30]} 6. Nc3 {[%emt 0:00:00]} c6 {[%emt 0:00:00]} 7. O-O {[%emt 0:00:30]} O-O {[%emt 0:00:00]} 8. Qc2 {[%emt 0:00:30]} Qc7 {[%emt 0:00:30]} 9. Rd1 {[%emt 0:01:30]} Re8 {[%emt 0:00:30]} 10. h3 {[%emt 0:02:30]} Bf8 {[%emt 0:03:30]} 11. dxe5 {[%emt 0:03:30]} dxe5 {[%emt 0:01:30]} 12. a3 {[%emt 0:04:30]} a5 {[%emt 0:00:30]} 13. Rb1 {[%emt 0:04:30]} Nb6 {[%emt 0:03:30]} 14. Ng5 {[%emt 0:08:30]} Be6 {[%emt 0:10:30]} 15. Nce4 {[%emt 0:08:30]} Nxe4 $14 {[%emt 0:03:30]} 16. Qxe4 {[%emt 0:09:30]} g6 {[%emt 0:00:30]} 17. Qh4 {[%emt 0:08:30]} f6 {[%emt 0:24:30]} 18. Ne4 {[%emt 0:03:30]} f5 {[%emt 0:00:30]} 19. Nf6+ {[%emt 0:00:30]} Kh8 {[%emt 0:00:30]} 20. Rd7 {[%emt 0:02:30]} Qxd7 {[%emt 0:00:00]} 21. Nxd7 {[%emt 0:00:00]} Nxd7 {[%emt 0:00:00]} 22. Bg5 {[%emt 0:02:00]} e4 {[%emt 0:07:30]} 23. f3 {[%emt 0:09:30]} exf3 {[%emt 0:03:30]} 24. Bxf3 {[%emt 0:00:30]} Bg7 {[%emt 0:00:30]} 25. b3 {[%emt 0:02:30]} Kg8 {[%emt 0:05:30]} 26. Kg2 {[%emt 0:01:30]} Kf7 {[%emt 0:01:30]} 27. Qf4 {[%emt 0:00:30]} Kg8 {[%emt 0:02:30]} 28. Rd1 {[%emt 0:02:30]} Ne5 {[%emt 0:01:30]} 29. h4 {[%emt 0:02:27]} Nf7 {[%emt 0:00:30]} 30. Qc1 {[%emt 0:05:26]} h6 {[%emt 0:02:30]} 31. Bf4 {[%emt 0:00:30]} a4 {[%emt 0:00:00]} 32. b4 {[%emt 0:00:30]} Rad8 {[%emt 0:00:00]} 33. Rxd8 {[%emt 0:01:24]} Rxd8 {[%emt 0:00:30]} 34. b5 {[%emt 0:01:58]} Kh7 {[%emt 0:04:30]} 35. bxc6 {[%emt 0:01:07]} bxc6 {[%emt 0:00:00]} 36. Bxc6 {[%emt 0:00:14]} Rc8 {[%emt 0:00:00]} 37. Bb5 {[%emt 0:00:13]} g5 {[%emt 0:03:30]} 38. hxg5 {[%emt 0:00:53]} hxg5 {[%emt 0:00:30]} 39. Bxg5 {[%emt 0:00:52]} Ne5 {[%emt 0:01:30]} 40. Qf4 {[%emt 0:01:47]} Nxc4 {[%emt 0:01:43]} 41. e4 {[%emt 0:00:44]} Rc5 {[%emt 0:03:51]} 42. exf5 {[%emt 0:00:43]} Bd5+ {[%emt 0:00:06]} 43. Kh3 {[%emt 0:01:13]} Rxb5 {[%emt 0:01:13]} 44. f6 {[%emt 0:00:35]} Be6+ {[%emt 0:01:22]} 45. g4 {[%emt 0:01:19]} Rb3+ {[%emt 0:02:40]} 46. Kh4 {[%emt 0:00:34]} Nd2 {[%emt 0:11:59]} 47. Qxd2 {[%emt 0:00:32]} Bf8 {[%emt 0:00:28]} 48. Qc2+ {[%emt 0:01:28]} Kh8 {[%emt 0:00:01]} 49. Qg6 {[%emt 0:01:11]} Rb2 {[%emt 0:00:35]} 50. Qe8 {[%emt 0:00:34]} 1-0

[Event "2nd Turkish League 2017"]
[Site "Konya"]
[Date "2017.07.19"]
[Round "4"]
[White "Acar, Utku Cengiz"]
[Black "Uyanik, Ulas"]
[Result "1/2-1/2"]
[WhiteElo "1863"]
[BlackElo "1861"]
[Annotator "NA"]
[PlyCount "109"]
[EventType "team-tourn"]
[EventCountry "TUR"]
[SourceTitle "playchess.com"]
[Source "ChessBase"]
[SourceQuality "1"]
[TimeControl "5400+30"]

1. e4 {[%emt 0:00:30]} c5 {[%emt 0:01:00]} 2. Nf3 {[%emt 0:00:30]} e6 {[%emt 0:00:00]} 3. d3 {[%emt 0:02:30]} Nc6 {[%emt 0:00:00]} 4. Nbd2 {[%emt 0:01:30]} d5 {[%emt 0:00:30]} 5. g3 {[%emt 0:00:30]} g6 {[%emt 0:00:30]} 6. Bg2 {[%emt 0:02:30]} Bg7 {[%emt 0:01:30]} 7. O-O {[%emt 0:01:30]} Nge7 {[%emt 0:00:30]} 8. h4 $11 {[%emt 0:14:30] LiveBook: 8 Games} h5 {[%emt 0:08:30]} 9. Re1 {[%emt 0:10:30]} O-O {[%emt 0:03:30]} 10. e5 {[%emt 0:03:30]} Qc7 {[%emt 0:08:30]} 11. Qe2 {[%emt 0:00:30]} Nd4 {[%emt 0:00:30]} 12. Nxd4 {[%emt 0:14:30]} cxd4 {[%emt 0:00:30]} 13. Nf3 {[%emt 0:00:00]} Nf5 {[%emt 0:00:30]} 14. Bh3 {[%emt 0:02:00]} Qb6 {[%emt 0:02:30]} 15. Bxf5 {[%emt 0:06:30]} exf5 {[%emt 0:00:30]} 16. Qd2 {[%emt 0:00:30]} Re8 {[%emt 0:10:30]} 17. Qf4 {[%emt 0:09:30]} f6 {[%emt 0:00:30]} 18. e6 {[%emt 0:00:30]} Bxe6 {[%emt 0:03:30]} 19. Qxd4 {[%emt 0:00:30]} Qc6 {[%emt 0:04:30]} 20. c3 {[%emt 0:03:30]} Bf7 {[%emt 0:00:30]} 21. Be3 {[%emt 0:03:30]} b6 {[%emt 0:01:30]} 22. Re2 {[%emt 0:02:23]} Bf8 {[%emt 0:00:30]} 23. Rae1 {[%emt 0:04:19]} Bc5 {[%emt 0:02:30]} 24. Qf4 {[%emt 0:00:05]} Bd6 {[%emt 0:04:30]} 25. Nd4 {[%emt 0:00:46]} Qd7 {[%emt 0:01:30]} 26. Qf3 {[%emt 0:01:29]} Bf8 {[%emt 0:00:30]} 27. Bf4 {[%emt 0:01:50]} a5 {[%emt 0:00:30]} 28. Rxe8 {[%emt 0:03:46]} Rxe8 {[%emt 0:00:30]} 29. Rxe8 {[%emt 0:00:30]} Bxe8 {[%emt 0:00:30]} 30. Qe3 {[%emt 0:02:09]} Bf7 {[%emt 0:00:00]} 31. Nb3 {[%emt 0:01:28]} Qb5 {[%emt 0:03:00]} 32. Qd2 {[%emt 0:01:27]} a4 {[%emt 0:01:30]} 33. Nd4 {[%emt 0:00:30]} Qd7 {[%emt 0:00:00]} 34. a3 {[%emt 0:00:00]} Kh7 {[%emt 0:01:00]} 35. Be3 {[%emt 0:00:49]} Bg8 {[%emt 0:08:30]} 36. Nc2 {[%emt 0:02:14]} Qc6 {[%emt 0:02:30]} 37. Bd4 {[%emt 0:00:43]} b5 {[%emt 0:04:30]} 38. Qe3 {[%emt 0:01:02]} Bf7 {[%emt 0:00:30]} 39. Kf1 {[%emt 0:01:13]} Kg7 {[%emt 0:03:30]} 40. Ne1 {[%emt 0:01:07]} Qe6 {[%emt 0:01:30]} 41. Qxe6 {[%emt 0:01:02]} Bxe6 {[%emt 0:00:30]} 42. f4 {[%emt 0:00:00]} Kf7 {[%emt 0:02:30]} 43. Ke2 {[%emt 0:00:43]} Bd6 {[%emt 0:00:00]} 44. Ke3 {[%emt 0:00:50]} Bd7 {[%emt 0:00:00]} 45. Bb6 {[%emt 0:00:55]} Ke7 {[%emt 0:02:39]} 46. Kd4 {[%emt 0:00:26]} Ke6 {[%emt 0:02:39]} 47. Nc2 {[%emt 0:00:51]} Bc6 {[%emt 0:05:21]} 48. Bc5 {[%emt 0:00:57]} Bc7 {[%emt 0:00:55]} 49. Ke3 {[%emt 0:00:14]} Kf7 {[%emt 0:01:33]} 50. Nd4 {[%emt 0:01:18]} Bd7 {[%emt 0:00:02]} 51. Kd2 {[%emt 0:00:00]} Bb8 {[%emt 0:00:53]} 52. Nc2 {[%emt 0:00:38]} Bc6 {[%emt 0:01:31]} 53. Nd4 {[%emt 0:00:21]} Bd7 {[%emt 0:00:00]} 54. b3 {[%emt 0:00:28]} Bc7 {[%emt 0:00:25]} 55. Ke3 {[%emt 0:00:38]} 1/2-1/2

[Event "2nd Turkish League 2017"]
[Site "Konya"]
[Date "2017.07.19"]
[Round "4"]
[White "Caglar, Sadullah B."]
[Black "Yasin, Hur"]
[Result "0-1"]
[WhiteElo "1835"]
[BlackElo "2022"]
[Annotator "NA"]
[PlyCount "90"]
[EventType "team-tourn"]
[EventCountry "TUR"]
[SourceTitle "playchess.com"]
[Source "ChessBase"]
[SourceQuality "1"]
[TimeControl "5400+30"]

1. d4 {[%emt 0:00:30]} Nf6 {[%emt 0:02:00]} 2. c4 {[%emt 0:00:00]} e6 {[%emt 0:00:00]} 3. Nc3 {[%emt 0:01:00]} Bb4 {[%emt 0:00:00]} 4. a3 {[%emt 0:00:30]} Bxc3+ {[%emt 0:00:00]} 5. bxc3 {[%emt 0:00:00]} d5 {[%emt 0:02:00]} 6. cxd5 {[%emt 0:00:00]} exd5 {[%emt 0:00:00]} ({Of course not} 6... Nxd5 7. Qc2 $16) 7. e3 {[%emt 0:02:30]} O-O {[%emt 0:00:00]} 8. Bd3 {[%emt 0:01:30]} c5 {[%emt 0:00:30]} 9. Ne2 {[%emt 0:05:30]} b6 {[%emt 0:00:30]} 10. O-O {[%emt 0:00:30]} Ba6 {[%emt 0:00:30]} 11. Bxa6 {[%emt 0:01:30]} Nxa6 {[%emt 0:00:00]} 12. Qd3 {[%emt 0:01:30]} c4 {[%emt 0:02:00] LiveBook: 3 Games E49: Nimzo-Indian: Rubinstein: 5 Bd3 d5 6 a3 Bxc3+ 7 bxc3} (12... Nc7 13. f3 Re8 14. Ng3 Ne6 15. Bb2 Qd7 16. Rad1 Rad8 17. Rfe1 h5 18. e4 dxe4 19. fxe4 h4 20. Nf5 cxd4 21. cxd4 Nc5 {½-½ (35) Vedmediuc,S (2433)-Soltanici,R (2400) Kishinev 2016}) 13. Qc2 {[%emt 0:03:30]} b5 {[%emt 0:01:30]} 14. Ng3 {[%emt 0:00:30]} Re8 {[%emt 0:01:30]} 15. f3 {[%emt 0:01:30]} Nc7 $146 {[%emt 0:10:30]} ({Predecessor:} 15... h5 16. Bd2 h4 17. Nh1 Qe7 18. Nf2 Nc7 19. Rfe1 a5 20. e4 {0-1 (37) Selnes,H (1921)-Cheng,B (2103) Gold Coast 2009}) 16. e4 {[%emt 0:04:30]} a5 {[%emt 0:05:30]} 17. e5 {[%emt 0:00:30]} Nd7 {[%emt 0:00:30]} 18. f4 {[%emt 0:02:30]} f6 {[%emt 0:03:30]} 19. Rf3 {[%emt 0:05:30]} g6 {[%emt 0:15:30]} 20. f5 {[%emt 0:16:30]} fxe5 {[%emt 0:00:30]} 21. fxg6 {[%emt 0:00:00]} e4 {[%emt 0:00:30]} 22. gxh7+ {[%emt 0:00:00]} Kh8 {[%emt 0:00:00]} 23. Rf7 {[%emt 0:01:30]} Rf8 {[%emt 0:00:00]} 24. Qf2 {[%emt 0:00:30]} Qe8 {[%emt 0:00:30]} 25. Rxf8+ {[%emt 0:05:30]} Qxf8 {[%emt 0:00:30]} 26. Qe2 {[%emt 0:00:30]} Qf7 $18 {[%emt 0:12:30]} 27. Be3 {[%emt 0:10:30]} Qg6 {[%emt 0:03:30]} 28. Nh5 {[%emt 0:02:30]} Ne6 {[%emt 0:02:30]} 29. Rb1 {[%emt 0:07:30]} Rb8 {[%emt 0:00:30]} 30. Nf4 {[%emt 0:01:30]} Nxf4 {[%emt 0:00:30]} 31. Bxf4 {[%emt 0:00:00]} Rb7 {[%emt 0:01:30]} 32. Qd2 {[%emt 0:00:00]} Kxh7 {[%emt 0:00:30]} 33. h3 {[%emt 0:02:30]} Nf6 {[%emt 0:00:30]} 34. a4 {[%emt 0:00:30]} b4 {[%emt 0:01:30]} 35. cxb4 {[%emt 0:03:30]} e3 {[%emt 0:01:30]} 36. Qe1 {[%emt 0:02:12]} e2 {[%emt 0:07:30]} 37. b5 {[%emt 0:05:53]} Nh5 {[%emt 0:02:30]} 38. Be5 {[%emt 0:01:31]} Rf7 {[%emt 0:00:30]} 39. g4 {[%emt 0:04:45]} Rf1+ {[%emt 0:04:30]} 40. Qxf1 {[%emt 0:00:12]} exf1=Q+ {[%emt 0:00:30]} 41. Rxf1 {[%emt 0:00:02]} c3 {[%emt 0:01:30]} 42. Rf8 {[%emt 0:05:10]} Qb1+ {[%emt 0:03:53]} 43. Kg2 {[%emt 0:00:48]} Qc2+ {[%emt 0:02:09]} 44. Kg1 {[%emt 0:01:31]} Qd1+ {[%emt 0:01:02]} 45. Rf1 {[%emt 0:00:14]} c2 {[%emt 0:00:22]} 0-1

[Event "2nd Turkish League 2017"]
[Site "Konya"]
[Date "2017.07.19"]
[Round "4"]
[White "Kutlu, Sedat"]
[Black "Erkole, Melih Naci"]
[Result "1/2-1/2"]
[WhiteElo "1824"]
[BlackElo "1619"]
[Annotator "NA"]
[PlyCount "155"]
[EventType "team-tourn"]
[EventCountry "TUR"]
[SourceTitle "playchess.com"]
[Source "ChessBase"]
[SourceQuality "1"]
[TimeControl "5400+30"]

1. e4 {[%emt 0:00:30] 5} c5 {[%emt 0:01:00] 5} 2. f4 {[%emt 0:00:30] 5} e6 {[%emt 0:01:30]} 3. Nf3 {[%emt 0:00:30]} Nc6 {[%emt 0:00:00]} 4. Be2 {[%emt 0:00:30]} d5 {[%emt 0:02:00]} 5. e5 {[%emt 0:01:30]} h5 {[%emt 0:03:30]} 6. Nc3 {[%emt 0:00:30]} Nh6 {[%emt 0:04:30]} 7. O-O {[%emt 0:04:30]} Nf5 {[%emt 0:02:30]} 8. b3 {[%emt 0:00:30]} h4 {[%emt 0:06:30]} 9. Bd3 {[%emt 0:09:30]} Nce7 {[%emt 0:09:30]} 10. Ba3 {[%emt 0:04:30]} Qa5 $11 {[%emt 0:05:30]} 11. Qc1 {[%emt 0:12:30]} Bd7 {[%emt 0:02:30]} 12. Rb1 {[%emt 0:01:30]} b5 {[%emt 0:33:30]} 13. Bxc5 {[%emt 0:09:30]} b4 {[%emt 0:07:45]} 14. Bxe7 {[%emt 0:00:30] 4} Qb6+ {[%emt 0:00:20]} 15. Rf2 {[%emt 0:00:00] ]} Bxe7 {[%emt 0:00:27]} 16. Bxf5 {[%emt 0:00:00] 8} bxc3 {[%emt 0:03:06]} 17. Bh3 {[%emt 0:03:30] 2} cxd2 {[%emt 0:01:30]} 18. Qxd2 {[%emt 0:00:30] ]} Bc5 {[%emt 0:00:00]} 19. Rbf1 {[%emt 0:00:30] 7} Bb5 {[%emt 0:02:58]} 20. Kh1 {[%emt 0:00:30] 4} Bxf1 {[%emt 0:00:49]} 21. Rxf1 {[%emt 0:00:00] 5} Be3 {[%emt 0:00:18]} 22. Qe1 {[%emt 0:03:00] 1} Rc8 {[%emt 0:00:34]} 23. f5 {[%emt 0:02:30] ]} Rxc2 {[%emt 0:01:53]} 24. fxe6 {[%emt 0:00:30] 0} fxe6 {[%emt 0:00:18]} 25. Qb1 {[%emt 0:01:30] 2} Qc5 {[%emt 0:05:30]} 26. Ne1 {[%emt 0:01:30] 2} Rf2 {[%emt 0:01:47]} 27. Qg6+ {[%emt 0:00:30] 4} Kf8 {[%emt 0:00:30]} 28. Rxf2+ {[%emt 0:00:30] ]} Bxf2 {[%emt 0:00:30]} 29. Bxe6 {[%emt 0:00:30] 5} Qe7 {[%emt 0:00:30]} 30. Nd3 {[%emt 0:00:30] 4} Bb6 {[%emt 0:01:28]} 31. Nf4 {[%emt 0:07:30] ]} Qc7 {[%emt 0:01:17]} 32. Qf5+ {[%emt 0:08:30] 0} Ke8 {[%emt 0:00:10]} 33. Nd3 {[%emt 0:04:30] 0} Rf8 {[%emt 0:00:55]} 34. Qg6+ {[%emt 0:01:30] 5} Kd8 {[%emt 0:00:02]} 35. Bf5 {[%emt 0:03:53]} Bd4 {[%emt 0:01:57]} 36. Qe6 {[%emt 0:00:51]} Rxf5 {[%emt 0:00:52]} 37. Qxf5 {[%emt 0:00:42]} Qc2 {[%emt 0:00:19]} 38. Qf8+ {[%emt 0:02:14]} Kd7 {[%emt 0:00:10]} 39. Qxg7+ {[%emt 0:00:20]} Ke8 {[%emt 0:00:14]} 40. Qh8+ {[%emt 0:03:53]} Kd7 {[%emt 0:00:16]} 41. e6+ {[%emt 0:00:37]} Kxe6 {[%emt 0:00:50]} 42. Qxd4 {[%emt 0:01:52]} Qd1+ {[%emt 0:00:10]} 43. Qg1 {[%emt 0:00:00]} Qxd3 {[%emt 0:00:01]} 44. Qxa7 {[%emt 0:01:50]} Qb1+ {[%emt 0:00:01]} 45. Qg1 {[%emt 0:00:30]} Qxa2 {[%emt 0:00:04]} 46. b4 {[%emt 0:00:27]} Qc4 {[%emt 0:00:30]} 47. Qe1+ {[%emt 0:01:33]} Kd6 {[%emt 0:00:59]} 48. Kg1 {[%emt 0:00:04]} d4 {[%emt 0:00:00]} 49. Qxh4 {[%emt 0:00:49]} Qc1+ {[%emt 0:00:22]} 50. Kf2 {[%emt 0:00:49]} Qd2+ {[%emt 0:00:01]} 51. Kf1 {[%emt 0:00:51]} Qxb4 {[%emt 0:00:14]} 52. Qf6+ {[%emt 0:00:47]} Kd5 {[%emt 0:00:12]} 53. Qf7+ {[%emt 0:01:00]} Ke5 {[%emt 0:00:16]} 54. Qf2 {[%emt 0:00:56]} Kd5 {[%emt 0:00:21]} 55. Qa2+ {[%emt 0:01:43]} Ke5 {[%emt 0:00:41]} 56. Qe2+ {[%emt 0:01:40]} Kd6 {[%emt 0:00:31] [%clk 0:04.24]} 57. Kf2 {[%emt 0:00:28]} Qc3 {[%emt 0:00:28]} 58. Qe1 {[%emt 0:00:24]} Qd3 {[%emt 0:00:37]} 59. Qe2 {[%emt 0:00:30]} Qc3 {[%emt 0:00:17]} 60. Qa6+ {[%emt 0:01:50]} Ke5 {[%emt 0:00:24]} 61. Qb5+ {[%emt 0:00:22]} Ke4 {[%emt 0:00:24]} 62. Qe8+ {[%emt 0:00:08]} Kd5 {[%emt 0:00:21]} 63. Qf7+ {[%emt 0:00:12]} Kc5 {[%emt 0:01:53]} 64. Qc7+ {[%emt 0:02:40]} Kb4 {[%emt 0:00:31]} 65. Qb6+ {[%emt 0:00:18]} Ka3 {[%emt 0:00:04]} 66. Qa6+ {[%emt 0:01:09]} Kb2 {[%emt 0:00:18]} 67. Qb6+ {[%emt 0:00:47]} Kc1 {[%emt 0:00:30]} 68. Qh6+ {[%emt 0:00:51]} Kc2 {[%emt 0:01:58]} 69. h4 {[%emt 0:00:44]} d3 {[%emt 0:00:36]} 70. Qa6 {[%emt 0:01:21]} d2 {[%emt 0:01:55]} 71. Qa4+ {[%emt 0:00:41]} Kc1 {[%emt 0:00:33]} 72. Qf4 {[%emt 0:00:29]} Kb2 {[%emt 0:01:21]} 73. Ke2 {[%emt 0:00:18]} Kc1 {[%emt 0:00:00]} 74. h5 {[%emt 0:00:43]} Kc2 {[%emt 0:00:40]} 75. Qf5+ {[%emt 0:00:34]} Kc1 {[%emt 0:00:05]} 76. Qf4 {[%emt 0:00:11]} Kc2 {[%emt 0:00:46]} 77. Qf5+ {[%emt 0:00:03]} Kc1 {[%emt 0:00:30]} 78. Qf4 {[%emt 0:00:04]} 1/2-1/2